[Event "Sunnyvale Summer op"]
[Site "Sunnyvale"]
[Date "2023.07.01"]
[Round "1"]
[White "Fong, Kevin"]
[Black "Wen, Kally"]
[Result "1/2-1/2"]
[WhiteElo "1898"]
[BlackElo "1762"]
[PlyCount "119"]
[EventDate "2023.07.01"]
[EventType "swiss"]
[EventRounds "7"]
[EventCountry "USA"]
[SourceTitle "EXT 2024"]
[Source "ChessBase"]
[SourceDate "2023.10.10"]
[SourceVersion "1"]
[SourceVersionDate "2023.10.10"]
[SourceQuality "1"]

1. d4 Nf6 2. Bf4 e6 3. e3 d5 4. Nf3 c5 5. Nbd2 Bd6 6. Bg3 0-0 7. c3 b6 8. Bd3 Bb7 9. Ne5 Nc6 10. f4 Ne7 11. Qf3 Nf5 12. Bf2 Be7 13. 0-0 Nd6 14. Qh3 Nfe4 15. Ndf3 f5 16. g4 g6 17. Kh1 Nc4 18. gxf5 exf5 19. Nxc4 dxc4 20. Bxc4+ Kg7 21. Kg1 Qe8 22. Rad1 Rd8 23. Ne5 Bd6 24. Bh4 Rc8 25. Be2 Qa4 26. a3 c4 27. Bf3 Qc2 28. Qg2 Qb3 29. Bg5 Rc7 30. h4 Bxe5 31. fxe5 Bd5 32. h5 Re8 33. Bf6+ Kf7 34. hxg6+ hxg6 35. Rf2 Rd7 36. Rdf1 Nxf6 37. exf6 Bxf3 38. Qxf3 Qb5 39. Rh2 Kxf6 40. e4 Rg7 41. exf5 gxf5+ 42. Kh1 Ree7 43. Qa8 Qe8 44. Qd5 Qc8 45. Rh5 Rg5 46. Rh6+ Rg6 47. Rh5 Rg5 48. Rh6+ Rg6 49. Qd6+ Qe6 50. Rxg6+ Kxg6 51. Qg3+ Kf7 52. Qf4 Kf6 53. Qh6+ Kf7 54. Qh7+ Ke8 55. Qh5+ Kd8 56. Qh8+ Kd7 57. Qh3 Qe4+ 58. Kh2 Qe2+ 59. Kh1 Qe4+ 60. Kh2 1/2-1/2

[Event "Hollywood Classic  1st"]
[Site "Los Angeles"]
[Date "2022.07.24"]
[Round "8"]
[White "Chen, Ryo"]
[Black "Fong, Kevin"]
[Result "1-0"]
[WhiteElo "2242"]
[BlackElo "2016"]
[PlyCount "99"]
[EventDate "2022.07.20"]
[EventType "tourn"]
[EventRounds "9"]
[EventCountry "USA"]
[EventCategory "2"]
[SourceTitle "CBM 209 Extra"]
[Source "ChessBase"]
[SourceDate "2022.09.30"]
[SourceVersion "1"]
[SourceVersionDate "2022.09.30"]
[SourceQuality "1"]

1. e4 c5 2. Nf3 Nc6 3. d4 cxd4 4. Nxd4 Nf6 5. Nc3 e5 6. Ndb5 d6 7. Bg5 a6 8. Na3 b5 9. Nd5 Be7 10. Bxf6 Bxf6 11. c4 b4 12. Nc2 0-0 13. g3 a5 14. Bg2 Be6 15. 0-0 Bg5 16. b3 Qb8 17. f4 Bd8 18. Kh1 f6 19. Nce3 Nd4 20. Qd3 Bb6 21. Nf5 Bxd5 22. Ne7+ Kh8 23. exd5 Qe8 24. Nc6 Qh5 25. Rae1 g6 26. Bf3 Qh6 27. Bd1 Rae8 28. Nxd4 Bxd4 29. f5 g5 30. Kg2 Qg7 31. Re4 h6 32. h4 Qe7 33. Bh5 Kg7 34. Bxe8 Qxe8 35. hxg5 hxg5 36. Rh1 a4 37. Ree1 Bc3 38. Ref1 e4 39. Qe3 axb3 40. axb3 Rf7 41. g4 Qe5 42. Qh3 Kf8 43. Qh8+ Ke7 44. Qc8 e3 45. Qc7+ Kf8 46. Rh8+ Kg7 47. Rh7+ Kxh7 48. Qxf7+ Kh6 49. Rh1+ Qh2+ 50. Rxh2# 1-0